000 00626nam a2200205Ia 4500
003 IN-BaIIA
008 211028s9999 xx 000 0 eng d
020 _a3-540-22321-5
040 _cIIA Library
080 _a523.947
_bASC
100 _aAschwanden, Markus J.
_929216
245 0 _aPhysics of the solar corona
_ban introduction
_cMarkus J. Aschwanden
260 _aBerlin
_bSpringer
_c2004
300 _axxi, 842p.
490 _aSpringer-Praxis books in geophysical sciences
650 _aAstrophysics
_9794
650 _aPhysics
_973
650 _aSun corona
_917712
942 _cBK
999 _c15859
_d15859